Ecuaciones diferenciales para ingeniería y ciencias / (Registro nro. 29594)
[ vista simple ]
| 000 -LÍDER | |
|---|---|
| fixed length control field | 00631nam a22002177a 4500 |
| 003 - IDENTIFICADOR DEL NÚMERO DE CONTROL | |
| control field | ITZ |
| 005 - FECHA Y HORA DE LA ULTIMA TRANSACCIÓN | |
| Campo de control | 20250429132510.0 |
| 008 - ELEMENTOS DE LONGITUD FIJA -- INFORMACIÓN GENERAL | |
| fixed length control field | 250429b |||||||| |||| 00| 0 spa d |
| 020 ## - NÚMERO INTERNACIONAL NORMALIZADO PARA LIBROS | |
| ISBN | 978-607-15-1767-8 |
| 035 ## - Número de ficha (Janium) | |
| Número de ficha (Janium) | 17879 |
| 041 ## - CÓDIGO DE IDIOMA | |
| Código de idioma para texto/pista de sonido o título separado | Spa |
| 050 ## - SIGNATURA TOPOGRAFICA DE LA BIBLIOTECA DEL CONGRESO (LC) | |
| Número de Clasificación | TA347.D45 |
| Cutter | C4618 2023 |
| 082 ## - NUMERO DE CLASIFICACION DECIMAL DEWEY | |
| Número de Clasificación | 515.35 |
| Cutter | C395e 2023 |
| 100 1# - ASIENTO PRINCIPAL--NOMBRE PERSONAL | |
| Nombre personal | Cengel, Yunus A. |
| 245 ## - TÍTULO | |
| Título | Ecuaciones diferenciales para ingeniería y ciencias / |
| Mención de responsabilidad, etc. | A. Cengel Yunus |
| 250 ## - MENCIÓN DE EDICIÓN | |
| Mención de edición | 2 |
| 260 ## - PUBLICACIÓN, DISTRIBUCIÓN, ETC. (PIE DE IMPRENTA) | |
| Lugar de publicación, distribución, etc. | México: |
| Nombre del editor, distribuidor, etc. | Mc Graw hill, |
| Fecha de publicación, distribución, etc. | 2023 |
| 300 ## - DESCRIPCIÓN FÍSICA | |
| Extensión | xiv, 619 p. |
| Otros detalles físicos | il. / |
| Dimensiones | 32 cm. |
| 650 ## - ASIENTO SECUNDARIO DE MATERIA - TERMINO TEMÁTICO | |
| Término temático o nombre geográfico como elemento de entrada | 1. EVALUACIONES DIFERENCIALES \ 2. MATEMATICAS PARA INGENIEROS |
| 942 ## - TIPO DE MATERIAL (KOHA) | |
| Koha item type | Libros |
| No. biblioteca | No. biblioteca | Número de clasificación | Código de barras/Número de adquisición | Número de copia | Tipo de material | Otras carreras |
|---|---|---|---|---|---|---|
| ÁREA DE BÁSICAS | ÁREA DE BÁSICAS | 515.35 C395e 2023 | 55322 | 1 | Libros | LUIS G. INCLAN |
| ÁREA DE BÁSICAS | ÁREA DE BÁSICAS | 515.35 C395e 2023 | 55323 | 2 | Libros | LUIS G. INCLAN |
